000 01165nas a2200289 454500
001 26891
005 20260407193507.0
008 260407s1987####ag###########|||spa#d
003 AR-UNSa-BCEJYS
040 _aAR-UNSa-BCEJYS
_bspa
_cAR-UNSa-BCEJYS
080 _a338
_xSituación económica. Política económica. Gestión de la economía. Planificación de la economía. Producción. Servicios. Precios
245 1 0 _aInforme sobre la situación de la actividad agropecuaria
264 1 _aBuenos Aires :
_bBanco Río de la Plata
_c1987
310 _aFrecuencia: Mensual
505 _aA partir del Nº 8 cambia de título por Informe sobre la situación de la actividad económica
041 _aspa
942 _cSER
590 _aniveau_biblio:s niveau_hierar:1
100 1 _aBanco Río de la Plata. Gerencia de Investigaciones Económicas
650 _aInflación
650 _aInvestigación económica
650 _aSalario
650 _aCOMERCIO EXTERIOR
650 _aMERCADOS FINANCIEROS
650 _aINDICADORES ECONOMICOS
856 4 1 _uhttps://biblioeco.unsa.edu.ar/pmb/images/revistas/Actividad Economica-r13091.jpg
_yImagen de portada
_qimage/jpeg
999 _c8617
_d8617